Statistics for Exodus leader in the Bible and his close circle

Click here to take the quiz!

General Stats

  • This quiz has been taken 267 times
  • The average score is 4 of 9

Answer Stats

PersonName% Correct
Exodus leader. Received the Ten Commandments from God, among other actsMoses
100%
Leader’s brother. First high priest of the Children of IsraelAaron
90%
Leader’s successor. Led the conquest of Jericho after the leader had diedJoshua
71%
Leader’s sister. Celebrated the successful crossing of the Red Sea through the Song of the SeaMiriam
63%
Leader’s father-in-law. A shepherd and a priest of MidianJethro
33%
Leader’s wife. Saved by him from hostile shepherds while drawing water from a desert well, along with her sistersZipporah
31%
Leader’s mother. Sent her baby son over the Nile in a waterproof basket to save himJochebed
14%
Leader’s father. Grandson of the founder of one of the Twelve Tribes of IsraelAmram
13%
Leader’s firstborn. His name means “a stranger there” in HebrewGershom
11%

Score Distribution

Percentile by Number Answered

Percent of People with Each Score

Your Score History

You have not taken this quiz